Normal view MARC view
  • International Primatological Society.

Entry Corporate Name

Number of records used in: 1

001 - CONTROL NUMBER

  • control field: 5069

003 - CONTROL NUMBER IDENTIFIER

  • control field: OSt

005 - DATE AND TIME OF LATEST TRANSACTION

  • control field: 20170516125228.0

008 - FIXED-LENGTH DATA ELEMENTS

  • fixed length control field: 170516|| aca||aabn | a|a d

040 ## - CATALOGING SOURCE

  • Original cataloging agency: OSt
  • Transcribing agency: OSt

110 ## - HEADING--CORPORATE NAME

  • Corporate name or jurisdiction name as entry element: International Primatological Society.
  • Subordinate unit: Congress
  • Location of meeting: Atlanta, Ga.)
  • Date of meeting or treaty signing: 1982 :

670 ## - SOURCE DATA FOUND

  • Source citation: Work cat.: (OSt): Current perspectives in primate social dynamics /, c1986
Pusat Sumber Maklumat Dato' Haji Sarmin Md Hussin, Akademi Kastam Diraja Malaysia, Melaka
Tel: 06-2331106 | Faks: 06-2313787